| 000 | 00776nam a22002177a 4500 | ||
|---|---|---|---|
| 999 |
_c12385 _d12385 |
||
| 003 | AR-CdUCM | ||
| 008 | 190408b ||||| |||| 00| 0 spa d | ||
| 040 |
_aMUNICIPALIDAD PROVINCIAL DEL CUSCO _cBIBLIOTECA MUNICIPAL DEL CUSCO |
||
| 082 |
_aC / 985.62 / _bR81 |
||
| 100 |
_aRomero, Emilio _91531 |
||
| 245 | _aMonografia del departamento de Puno / | ||
| 260 |
_aLima : _bTorres Aguirres, _c1925. |
||
| 300 |
_a541 páginas ; _c25 cm. |
||
| 505 | _aGeografía biológica -- Los uros -- Estudios antropologicos -- Otros factores del medio -- Población -- Flora -- Fauna -- Organización regional... | ||
| 650 |
_aPuno. _93897 |
||
| 650 |
_aHistoria. _9136 |
||
| 650 |
_aGeografia. _9318 |
||
| 650 |
_aDesarrollo. _92021 |
||
| 942 |
_2ddc _cLIBROS |
||
| 945 |
_awfj _d2019-04-08 |
||